000 00900nam a2200313 4500
001
003 DO-SdBNP
005 20220921110823.0
007 0000330461
008 220714b1944 sp||||||| |||| 00| 0 spa d
016 7 _a
_z
_2
017 _a
_b
035 _a
040 _aBPMSU
_bspa
_cBPMSU
082 _a320.1
_bM297p
_222
100 1 _a Maquiavelo, Nicolás,
_d1469-1527
245 1 3 _aEl principe /
_cNicolás Maquiavelo
_h
246 1 4 _aEl principe :
_bcomentado para comprensión de lectura
260 _aSanto Domingo :
_bEditorial Alba,
_c[198-?]
300 _a123 p. ;
_c21 cm
490 0 _aClásicos de la literatura
504 _a
590 _6Inventariado, 2022/VM
600 4 _aMaquiavelo, Nicolás
_d1469-1527.
_xCrítica e interpretación.
_t
650 4 _aCiencia política.
_2
650 4 _aÉtica política.
910 _aVMateo V
942 _2ddc
_cBK
999 _c13884
_d13884